LEADER 01531nam a2200301 4500 001 000000346179 003 CaOOAMICUS 005 20210524120812.0 008 210524s1685 fr 000 u fre r 026 $e4.o. 73la meo- Etho (3) 1685 (R) 040 $aSeMil$bita 100 11$aSaint-Jure, Jean Baptiste,$d<1588-1657>.$0(OLS)http://semarc/name/22518 245 02$aL'homme spirituel, où la vie spirituelle est traitèe par ses principes. Par le P. Jean Baptiste SaintJure ... 250 $aNouvelle édition 264 1$aA Paris :$bChez Sebastien Mabre-Cramoisy, imprimeur du roy, ruë Saint Jacques, aux Cicognes,$c1685. 300 $a[12], 756, [32] p. ;$c8° 500 $aFregi e iniziali xilogr. 500 $aSegn.: a? e² A-3C? 3D² 500 $aMarca calcogr. non censita (Due cicogne in volo si imbeccano. In cornice formata da un serpente che si morde la coda) sul front. 700 1 $aMabre-Cramoisy, Sébastien,$c.$0(OLS)http://semarc/name/14739 752 $afr$dParigi 850 $aSeMil 852 $aSeMil$W1$xVenegono$y1$m5A VI 4 FA$j226456$B237230$CSeMilBibl$Z2$F237230 $8I 941 1 $a10 961 $aFondo Mantegazza 996 $6245$aL'homme spirituel, où la vie spirituelle est traitèe par ses principes. Par le P. Jean Baptiste SaintJure ...$9(OLS)http://semarc/title/435391 996 $6264$aA Paris :$bChez Sebastien Mabre-Cramoisy, imprimeur du roy, ruë Saint Jacques, aux Cicognes$9(OLS)http://semarc/publisher/39097 LEADER 01103nam a2200229 i 4500 001 000000215336 003 CaOOAMICUS 005 20121207000000.0 008 121207s1957 it u000 u ita u 013 $a194208 040 $aSeMil$bita 100 1 $aBarraciu, Angelo.$0(OLS)http://semarc/name/68475 245 10$aSulle tracce di Dio :$bprimo anno di visite pastorali di mons. Montini /$cAngelo Barraciu. 260 $aMilano :$bLibreria editrice arcivescovile G. Daverio,$cstampa 1957. 300 $aXVI, 349 p. ;$c25 cm. 500 $aCon dedica autografa dell'Autore. 650 4$aMilano (Arcidiocesi) - Visite pastorali.$0(OLS)http://semarc/subject/186 650 4$aMontini, Giovanni Battista <1897-1978> - Visite pastorali.$0(OLS)http://semarc/subject/31247 850 $aSeMil 852 $aSeMil$W1$xVenegono$y1$m3O IV 144$j165756$B165756$CSeMilBibl$Z2$F176726 $81 996 $6245$aSulle tracce di Dio :$bprimo anno di visite pastorali di mons. Montini$9(OLS)http://semarc/title/268125 996 $6260$aMilano :$bLibreria editrice arcivescovile G. Daverio$9(OLS)http://semarc/publisher/48004